01128nam a2200193Ia 4500001001100000003001000011008004100021040002500062041001300087100004100100245004400141250001100185260009200196300002700288500024100315501011400556520024100670650002300911L248-15116IT-CnALBA170116s9999||||xx |||||||||||||| ||und|| aIT-CnALBAcIT-CnALBA aITALIANO aCLARET MADRE MARGHERITA DE LA TOUCHE 0aAL SERVIZIO DI DIO AMORE. NOTE INTIME.  a2a ed. aVISCHE (TO)bBETANIA S. CUORE, TIP PRIV c1959 [1° Ed.:1949 - Ed.Ling.Originale: 1949] a357 p. (prefazione: 9) aPRESENTAZIONE DI PAOLO ROSTAGNO, VESCOVO DI IVREA. AMORE INFINITO. MISERICORDIA. RISPOSTA ALL'AMORE. ABBANDONO. SOFFERENZA. MARIA, MODELLO. MESSAGGIO D'AMORE. MISSIONE DI MADRE LUISA. SACERDOTE, SEMINATORE D'AMORE. MARIA E I SACERDOTI.  aSocietà San Paolo EM - Piazza San Paolo, 14 - 12051 ALBA (CN) (non commercial uses only) ® Copyright 2017 aPRESENTAZIONE DI PAOLO ROSTAGNO, VESCOVO DI IVREA. AMORE INFINITO. MISERICORDIA. RISPOSTA ALL'AMORE. ABBANDONO. SOFFERENZA. MARIA, MODELLO. MESSAGGIO D'AMORE. MISSIONE DI MADRE LUISA. SACERDOTE, SEMINATORE D'AMORE. MARIA E I SACERDOTI.  aASCETICA E MISTICA